Hacia la conquista de los sectores populares /
保存先:
| 第一著者: | |
|---|---|
| フォーマット: | テキスト |
| タグ: |
タグ追加
タグなし, このレコードへの初めてのタグを付けませんか!
|
MARC
| LEADER | 00000 a a2200000 04500 | ||
|---|---|---|---|
| 001 | 1238 | ||
| 003 | |||
| 040 | |||
| 100 | |a Camacho Sandoval, Ana Cristina | ||
| 245 | |a Hacia la conquista de los sectores populares / |c Ana Cristina Camacho Sandoval | ||
| 773 | |g número 103; páginas 4-6 | ||
| 999 | |c 21707 |d 21707 | ||
